| 000 | 01366nam a22002297a 4500 | ||
|---|---|---|---|
| 999 |
_c61244 _d61244 |
||
| 003 | Ge_BSU | ||
| 005 | 20240110104533.0 | ||
| 008 | 240110s2023 ge ||||| |||| 00| 0 geo d | ||
| 020 | _a9789941335143 | ||
| 041 | _ageo | ||
| 080 | _a624.011.78 ხ-66 | ||
| 100 |
_aხმელიძე, თამაზ _921010 |
||
| 245 |
_aპლასტმასის კონსტრუქციები : _b[მონოგრაფია] / _cთამაზ ხმელიძე, თამაზ ცვარიანი; სამეცნიერო რედაქტორი გელა ყიფიანი; საქართველოს ტექნიკური უნივერსიტეტი. |
||
| 264 |
_aთბილისი : _b უნივერსალი, _c2023. |
||
| 300 |
_a420 გვ. : _bსურ., ცხრ. ; _c24 სმ. |
||
| 504 | _aბიბლიოგრაფია: გვ. 402-407. | ||
| 520 | _aრეზიუმე ქართულ და ინგლისურ ენებზე. | ||
| 653 | _aპლასტმასის კონსტრუქციები | ||
| 700 |
_aცვარიანი, თამაზ _eავტორი. _921011 |
||
| 700 |
_aყიფიანი, გელა _eსამეცნიერო რედაქტორი _921012 |
||
| 942 |
_2udc _cᲬᲘᲒᲜᲘ |
||